Čechy jsou plné kostelů = Boemia plena est ecclesiis : kniha k poctě PhDr. Anežky Merhautové, DrSc. /

Další autoři: Studničková, Milada, 1955-
Jazyk: Němčina
Francouzština
Polština
Čeština
Angličtina
Vydáno: Praha : NLN, Nakladatelství Lidové noviny, 2010
Vydání: Vyd. 1.
Témata:
Fyzický popis: 517 s., [8] s. barev. obr. příl. : il. (některé barev.), mapy, plány, faksim. ; 25 cm
Language note: Část. anglický, francouzský, německý a polský text, anglická a německá resumé
Knihy
Uloženo v:
LEADER 02052nam a2200517 a 4500
001 nkc20102126502
003 CZ PrNK
005 20210202110055.0
007 ta
008 100915s2010 xr abeff 010 0 cze
015 |a cnb002126502 
020 |a 978-80-7422-031-9  |q (váz.) :  |c Kč 495,00 
035 |a (OCoLC)681498581 
040 |a ABA001  |b cze 
041 0 |a cze  |a eng  |a fre  |a ger  |a pol  |b eng  |b ger 
043 |a ec----- 
072 7 |a 72/76  |x Výtvarné umění  |2 Konspekt  |9 21 
080 |a 726.5  |2 MRF 
080 |a 27-52:904  |2 MRF 
080 |a 7.032/038:27  |2 MRF 
080 |a (4-191.2)  |2 MRF 
080 |a (082)  |2 MRF 
080 |a (082.2)  |2 MRF 
245 0 0 |a Čechy jsou plné kostelů =  |b Boemia plena est ecclesiis : kniha k poctě PhDr. Anežky Merhautové, DrSc. /  |c Milada Studničková (ed.) 
246 3 1 |a Boemia plena est ecclesiis 
250 |a Vyd. 1. 
260 |a Praha :  |b NLN, Nakladatelství Lidové noviny,  |c 2010 
300 |a 517 s., [8] s. barev. obr. příl. :  |b il. (některé barev.), mapy, plány, faksim. ;  |c 25 cm 
504 |a Obsahuje bibliografii a bibliografické odkazy 
546 |a Část. anglický, francouzský, německý a polský text, anglická a německá resumé 
650 0 7 |a církevní architektura  |7 ph114282  |z Evropa střední  |2 czenas 
650 0 7 |a církevní památky  |7 ph114287  |z Evropa střední  |2 czenas 
650 0 7 |a křesťanské umění  |7 ph122128  |z Evropa střední  |2 czenas 
650 0 9 |a church architecture  |z Europe, Central  |2 eczenas 
650 0 9 |a church antiquities  |z Europe, Central  |2 eczenas 
650 0 9 |a Christian art  |z Europe, Central  |2 eczenas 
655 7 |a sborníky  |7 fd163935  |2 czenas 
655 7 |a jubilejní publikace  |7 fd131839  |2 czenas 
655 9 |a miscellanea  |2 eczenas 
655 9 |a jubilee books  |2 eczenas 
700 1 |a Studničková, Milada,  |d 1955-  |7 mzk2010584100  |4 edt 
910 2 |a BOA001  |b 2-1251.047 
990 |a BK 
995 |a 01 
991 |b 201010  |c NOV  |e n 
996 6 |b 2610449154  |c 2-1251.047  |l MZK  |r Sklad / do 1 hodiny  |n 25  |p p.v.  |w 001148443  |u 000010  |a 1  |e BOA001  |j MZK50  |s P